Statistiche per Cultura Generale #2

Clicka qui per fare il quiz!

Statistiche generali

  • Questo quiz è stato fatto 152 volte
  • Il punteggio medio è 15 su 20

Statistiche sulle risposte

DomandaRisposta% Corretto
Quante sono le corde dell’ukulele?4
93%
A quanti anni corrisponde un lustro?5
92%
Quante stelle ci sono nella bandiera dell’Unione Europea?12
90%
Chi ha elaborato la teoria dell’evoluzione?Charles Darwin
90%
Quanti giocatori ci sono in una squadra di hockey su ghiaccio?6
89%
Quale santo si festeggia il 26 dicembre?Santo Stefano
89%
Quante volte l’Italia ha vinto la Coppa del Mondo di calcio maschile?4
88%
Qual è la capitale dell’Australia?Canberra
87%
Qual è il pianeta più vicino al sole?Mercurio
85%
In quale parte del corpo si trova il legamento crociato?Ginocchio
84%
Quale fiume attraversa Parigi?Senna
84%
Qual è la vetta più alta dell’Africa?Kilimangiaro
81%
Chi è stato il primo presidente degli Stati Uniti?George Washington
80%
In quale anno è avvenuto il primo sbarco sulla Luna?1969
79%
Quanto è lunga una piscina olimpionica?50 metri
78%
Chi ha inventato la radio?Guglielmo Marconi
75%
In quale anno è caduto l’Impero romano?476 d.C.
57%
In quale città si trova il Rijksmuseum?Amsterdam
36%
Chi è stato il primo presidente della Repubblica?Enrico De Nicola
35%
Chi è il regista del film “La strada”?Federico Fellini
25%

Distribuzione punteggi

Percentile per numero di risposta

Percentuale di utenti per punteggio

I tuoi punteggi nel tempo

Non hai fatto questo quiz